000 00293nam a22001217a 4500
008 170327b xxu||||| |||| 00| 0 eng d
041 _aeng
080 _28 ED
_a616.83
100 _a8
101 _aSHM
245 _aHAGAN BRUNERS MICROBIOLOGY INFECTIONS DISEASE
_cTIMONEY.J.F
942 _2udc
_cBK
999 _c8647
_d8647